[Event "Merida World Heritage op 2nd"]
[Site "Merida"]
[Date "2022.08.02"]
[Round "1"]
[White "Grigoryan, Karen H"]
[Black "Bravo, Antonio Jose Vieira"]
[Result "1-0"]
[WhiteElo "2631"]
[BlackElo "1838"]
[PlyCount "53"]
[EventDate "2022.08.02"]
[EventType "swiss"]
[EventRounds "9"]
[EventCountry "ESP"]
[SourceTitle "CBM 209 Extra"]
[Source "ChessBase"]
[SourceDate "2022.09.30"]
[SourceVersion "1"]
[SourceVersionDate "2022.09.30"]
[SourceQuality "1"]

1. e4 e6 2. d4 d5 3. Nc3 Bb4 4. e5 c5 5. a3 cxd4 6. axb4 dxc3 7. bxc3 Nc6 8. Nf3 Qc7 9. Bf4 Nge7 10. b5 Ng6 11. bxc6 Nxf4 12. Qd4 Ng6 13. cxb7 Bxb7 14. Bb5+ Kf8 15. 0-0 a6 16. Bd3 Ke7 17. Rfb1 Rhb8 18. h4 h6 19. h5 Nh8 20. Ra3 f5 21. Rab3 Bc8 22. Nh4 Kf7 23. c4 dxc4 24. Bxc4 Rxb3 25. Rxb3 Kf8 26. Rb6 Nf7 27. Ng6+ 1-0

[Event "Lisbon Check Mate op 3rd"]
[Site "Lisbon"]
[Date "2015.08.13"]
[Round "6"]
[White "Bravo, Antonio Jose Vieira"]
[Black "Martins, Bruno Andre Leite"]
[Result "1/2-1/2"]
[WhiteElo "1835"]
[BlackElo "1703"]
[PlyCount "43"]
[EventDate "2015.08.08"]
[EventType "swiss"]
[EventRounds "7"]
[EventCountry "POR"]
[SourceTitle "EXT 2017"]
[Source "ChessBase"]
[SourceDate "2016.10.25"]
[SourceVersion "1"]
[SourceVersionDate "2016.10.25"]
[SourceQuality "1"]

1. Nf3 d5 2. d4 Nf6 3. e3 e6 4. Bd3 Be7 5. 0-0 0-0 6. b3 c5 7. Bb2 Nc6 8. Ne5 Qc7 9. f4 a6 10. Rf3 Ne4 11. Rh3 g6 12. Bxe4 dxe4 13. Nc3 f5 14. dxc5 Nxe5 15. fxe5 Bxc5 16. Na4 Be7 17. Bd4 b5 18. Nc3 Bc5 19. Ne2 Rd8 20. c3 Bxd4 21. cxd4 Bb7 22. Nf4 1/2-1/2

[Event "Lisbon Check Mate op 3rd"]
[Site "Lisbon"]
[Date "2015.08.08"]
[Round "1"]
[White "Bravo, Antonio Jose Vieira"]
[Black "Martinez Duany, Lelys Stanley"]
[Result "0-1"]
[WhiteElo "1835"]
[BlackElo "2450"]
[PlyCount "92"]
[EventDate "2015.08.08"]
[EventType "swiss"]
[EventRounds "7"]
[EventCountry "POR"]
[SourceTitle "EXT 2017"]
[Source "ChessBase"]
[SourceDate "2016.10.25"]
[SourceVersion "1"]
[SourceVersionDate "2016.10.25"]
[SourceQuality "1"]

1. c4 Nf6 2. Nc3 e5 3. g3 Bb4 4. Bg2 0-0 5. Nf3 e4 6. Ng5 Bxc3 7. dxc3 Re8 8. 0-0 d6 9. Nh3 h6 10. Nf4 Bf5 11. Nd5 Nbd7 12. Ne3 Bg6 13. b3 a5 14. a4 Qe7 15. Ra2 Qe5 16. Qd4 Qh5 17. f4 exf3 18. Bxf3 Qe5 19. Bxb7 Rab8 20. Bc6 Rxb3 21. Nd5 Nxd5 22. Qxe5 Rxe5 23. cxd5 Nc5 24. Bf4 Re4 25. Bb5 Rxc3 26. Bd2 Rb3 27. Bxa5 Re7 28. Bc4 Rb8 29. Be1 Bb1 30. Ra1 Re4 31. Bb5 Bc2 32. Rf4 Rxf4 33. gxf4 Bxa4 34. Rxa4 Rxb5 35. Ra8+ Kh7 36. Ra7 Rb7 37. Ra1 Kg6 38. Kg2 Kf5 39. Kf3 g5 40. fxg5 hxg5 41. Bf2 Rb3+ 42. e3 Ne4 43. Ra2 g4+ 44. Kg2 Ke5 45. Rc2 f5 46. Rxc7 Rb2 0-1

[Event "POR-ch prel"]
[Site "Matosinhos"]
[Date "2012.08.04"]
[Round "1.1"]
[White "Silva, Antonio Augusto MC"]
[Black "Bravo, Antonio Jose Vieira"]
[Result "1-0"]
[WhiteElo "2242"]
[BlackElo "1878"]
[PlyCount "37"]
[EventDate "2012.08.04"]
[EventType "swiss"]
[EventRounds "9"]
[EventCountry "POR"]
[SourceTitle "EXT 2015"]
[Source "ChessBase"]
[SourceDate "2014.11.20"]
[SourceVersion "1"]
[SourceVersionDate "2014.11.20"]
[SourceQuality "1"]

1. e4 e6 2. c4 d5 3. cxd5 exd5 4. exd5 Qxd5 5. Nc3 Qd8 6. Bc4 Nf6 7. Qb3 Qd7 8. Nf3 Bd6 9. 0-0 0-0 10. d4 Nc6 11. Bd3 Qg4 12. Be3 Qh5 13. Be2 Ng4 14. h3 Nxe3 15. fxe3 Qh6 16. Ne4 Na5 17. Qc3 Bb4 18. Qxb4 Qxe3+ 19. Nf2 1-0

[Event "POR-chT3 final"]
[Site "Matosinhos"]
[Date "2012.07.21"]
[Round "2.2"]
[White "Bravo, Antonio Jose Vieira"]
[Black "Costa, Paulo Jorge Lopes"]
[Result "0-1"]
[WhiteElo "1872"]
[BlackElo "2144"]
[PlyCount "67"]
[EventDate "2012.07.21"]
[EventType "team-k.o."]
[EventRounds "3"]
[EventCountry "POR"]
[SourceTitle "EXT 2015"]
[Source "ChessBase"]
[SourceDate "2014.11.20"]
[SourceVersion "1"]
[SourceVersionDate "2014.11.20"]
[SourceQuality "1"]
[WhiteTeam "Barreirense II"]
[BlackTeam "Torres Novas"]
[WhiteTeamCountry "POR"]
[BlackTeamCountry "POR"]

1. c4 b6 2. Nc3 Bb7 3. e4 c5 4. Nf3 e6 5. d4 cxd4 6. Nxd4 a6 7. a3 d6 8. Be3 Nf6 9. f3 Be7 10. Be2 0-0 11. 0-0 Nbd7 12. Rc1 Rc8 13. b3 Re8 14. b4 Bf8 15. Bf2 Qc7 16. Na4 Qb8 17. Nc2 Bc6 18. Ne3 g6 19. Nc3 b5 20. Qb3 Nh5 21. Rfe1 Bg7 22. cxb5 axb5 23. Bf1 Ne5 24. Ne2 Bh6 25. Rc2 Nf4 26. Nd4 Bd7 27. g3 Nh5 28. f4 Rxc2 29. Ndxc2 Nf3+ 30. Kh1 Nxe1 31. Nxe1 Nf6 32. Bg2 Bc6 33. Qd3 Qb7 34. Qxd6 0-1